000 00956nam a2200313Ia 4500
003 OSt
005 20220912145324.0
006 a|||||r|||| 00| 0
007 ta
008 220909b |||||||| |||| 00| 0 eng d
020 _a0471720917 (hbd)
024 _a76891
037 _b217, 14/03/2007, N R Book Distributors
037 _cTextbook
040 _aCSL
_beng
_cCSL
041 _aeng
082 _aE5:218, K8;P7 TE
100 _aSmith Michael B
245 0 _aMarch's advanced organic chemistry:reactions, mechanisms, and structure
250 _a6
260 _aNew Jersey
_bJohn Wiley & Sons
_c2007
300 _axx,2357p.
_ccm.
500 _aAppendix A-B1870-1936p; Index 1937-2357p
650 _a Organic chemistry
650 _aChemistry
700 _a March Jerry
942 _hE5:218, K8;P7 TE
_cTB
_2CC
999 _c28931
_d28931